LEADER 01170cam0-2200337---450- 001 990009158660403321 005 20110420120909.0 035 $a000915866 035 $aFED01000915866 035 $a(Aleph)000915866FED01 035 $a000915866 100 $a20100311d1978----km-y0itay50------ba 101 0 $aita 102 $aIT 105 $ay-------001yy 200 1 $aProvvedimenti di urgenza e tutela giurisdizionale in materia di lavoro$ericerca della Cattedra di Istituzioni di Diritto Processuale Facoltà di Giurisprudenza Università di Napoli$fVincenzo Sparano, Luigi Francesco Di Nanni, Anna Maria Franchini 210 $aNapoli$cGuida editori$d1978 215 $a269 p.$d24 cm 225 1 $aStudi giuridici e sociali$v1 700 1$aSparano,$bVincenzo$0229110 701 1$aDi Nanni,$bLuigi Francesco$0225046 702 1$aFranchini,$bAnna Maria 801 0$aIT$bUNINA$gRICA$2UNIMARC 901 $aBK 912 $a990009158660403321 952 $aCC-49$binv.$fDDRC 952 $aDPR 29-262$b8155$fDEC 959 $aDEC 959 $aDDRC 996 $aProvvedimenti di urgenza e tutela giurisdizionale in materia di lavoro$9777876 997 $aUNINA LEADER 01064nam0-22002891i-450 001 990005051590403321 005 20230222154211.0 035 $a000505159 035 $aFED01000505159 035 $a(Aleph)000505159FED01 100 $a19990530g19699999km-y0itay50------ba 101 0 $afre 102 $aCH 105 $ay-------001yy 200 1 $aJean Muret et ses amis Nicolas de Clamanges et Jean de Montreuil$eContribution a l'ètude des rapports entre les humanistes de Paris et ceux d'Avignon$e(1394-1420)$fEzio Ornato 210 $aGenève$cLibr. Droz$d1969 215 $aXVIII, 281 p.$d24 cm 225 1 $aCentre de Recherches d'Histoire et de Philologie$v5 300 $aOuvrage publié avec le concours du Centre National de la Recherche Scientifique (al front.) 700 1$aOrnato,$bEzio$0157914 801 0$aIT$bUNINA$gRICA$2UNIMARC 901 $aBK 912 $a990005051590403321 952 $aMB 324$bFil.Mod. 16652$fFLFBC 959 $aFLFBC 996 $aJean Muret et ses amis Nicolas de Clamanges et Jean de Montreuil$9532626 997 $aUNINA